| 000 | 00760nam a2200241 a 4500 | ||
|---|---|---|---|
| 001 | BRL_1249 | ||
| 005 | 20190320211118.0 | ||
| 008 | 051213s1958----mx-ab#####---#000-0#spa-# | ||
| 041 | _aspa | ||
| 044 | _amx | ||
| 050 | 4 |
_aF1219.1.T52 _b.P5 1958 |
|
| 100 | 1 |
_aPiña Chan, Román _9819 |
|
| 245 | 1 | 0 |
_aTlatilco _cRomán Piña Chan. |
| 260 |
_aMéxico _bInstituto Nacional de Antropología e Historia _c1958 |
||
| 300 |
_a2 v. _bil., mapas, planos _c27 cm. |
||
| 440 | 0 |
_aInvestigaciones _v1-2 _926275 |
|
| 500 | _av.1 Au1457 ; v.2 Au1459 | ||
| 650 | 1 | 4 |
_aCerámica _zTlatilco (México: Estado) _926276 |
| 651 | 4 |
_aTlatilco (México: Estado) _xHistoria _926277 |
|
| 651 | 4 |
_aTlatilco (México: Estado) _xAntigüedades _926278 |
|
| 902 | _aGRL | ||
| 942 |
_2lcc _cB |
||
| 999 |
_c10061 _d10061 |
||